00740cam a2200205 a 450000100100000000500170001000800410002704000250006808200200009310000440011324500520015726000450020930000210025449000270027565000280030265000320033083000340036295201230039699900150051900000883320200929161424.0830831s1964 ck 000 1 spa  aDO-SdBNPbspacBNPHU aCo863.44bB748L1 aBotero, Juan José,d1840-1926.92338810aLejos del nido :bnovela /cJuan José Botero. aMedellín, Colombia :bBedout,c[1964]. a304 p. ;c19 cm.1 aBolsilibros Bedoutv10 4aNovela colombiana91243 4aLiteratura colombiana91244 0aBolsilibros Bedout,v1093750 001052708MOaGRbGRcCTd2009-09-18iLF1l0oCo863.44 B748Lp8833-10r2020-06-25w2020-06-25y2ZPréstamo interno c8602d8602